[Event "Druzynowe Mistrzostwa Polski Juniorow - II Liga"]
[Site "Iwonicz"]
[Date "2016-07-31"]
[Round "1.1"]
[White "Molenda, Marcin"]
[Black "Zarnowski, Krzysztof"]
[Result "1-0"]
[WhiteTitle "k"]
[BlackTitle "I++"]
[WhiteElo "2267"]
[BlackElo "2034"]

1. d4 d5 2. c4 e6 3. Nf3 Nf6 4. g3 Be7 5. Bg2 O-O 6. O-O Nbd7 7. Qc2 c6 8. Nbd2
b6 9. e4 dxe4 10. Nxe4 Bb7 11. Nxf6+ Nxf6 12. Rd1 Qc7 13. c5 Nd5 14. Ng5 Bxg5
15. Bxg5 b5 16. Re1 Rfe8 17. Re4 h6 18. Bd2 Qd8 19. Rae1 Qf6 20. Ba5 Bc8 21. Re5
Bd7 22. f4 g6 23. Qe2 Rec8 24. Be4 a6 25. Bd3 Kg7 26. Qe4 Rf8 27. Rf1 Rae8 28.
h4 Qe7 29. Kg2 f5 30. Qe2 h5 31. Bc2 Qf6 32. Bb3 Kf7 33. Re1 Rg8 34. Qf2 Rc8 35.
Ra1 Rge8 36. Qd2 Ra8 37. a4 Ra7 38. axb5 axb5 39. Bxd5 cxd5 40. Bd8 Qxe5 41. fxe5
Rxa1 42. Qg5 Kg7 43. Qf6+ Kh6 44. Be7 1-0

[Event "Druzynowe Mistrzostwa Polski Juniorow - II Liga"]
[Site "Iwonicz"]
[Date "2016-07-31"]
[Round "1.2"]
[White "Kozubal, Aleksandra"]
[Black "Koloczek, Maciej"]
[Result "1-0"]
[WhiteTitle "I++"]
[BlackTitle "II"]
[WhiteElo "1687"]
[BlackElo "1731"]

1. d4 Nf6 2. c4 g6 3. Nc3 Bg7 4. e4 d6 5. Bd3 O-O 6. Nge2 e5 7. d5 c6 8. O-O cxd5
9. cxd5 Nbd7 10. Kh1 Nh5 11. Be3 Nc5 12. Bc2 b6 13. b4 Nb7 14. Qd2 Bd7 15. Rac1
Rc8 16. Bd3 a5 17. a3 Ra8 18. Nb5 axb4 19. axb4 f5 20. Nc7 Rb8 21. Bxb6 Qf6 22.
Ba7 f4 23. f3 Qh4 24. Qe1 Qf6 25. Bxb8 Rxb8 26. Na6 Rc8 27. Rxc8+ Bxc8 28. Qc3
Qd8 29. Rc1 1-0

[Event "Druzynowe Mistrzostwa Polski Juniorow - II Liga"]
[Site "Iwonicz"]
[Date "2016-07-31"]
[Round "1.3"]
[White "Galuszka, Tomasz"]
[Black "Bober, Tomasz"]
[Result "1-0"]
[WhiteTitle "II+"]
[BlackTitle "II"]
[WhiteElo "1768"]
[BlackElo "1210"]

1. e4 c5 2. Nf3 Nc6 3. d4 cxd4 4. Nxd4 g6 5. c4 Bg7 6. Be3 Qb6 7. Nxc6 Qxc6 8.
Qc2 Nf6 9. Nc3 d6 10. c5 a6 11. cxd6 Qxd6 12. Rd1 Qc6 13. Be2 Nxe4 14. O-O Nxc3
15. bxc3 Qxc3 16. Qa4+ b5 17. Bxb5+ axb5 18. Qxb5+ 1-0

[Event "Druzynowe Mistrzostwa Polski Juniorow - II Liga"]
[Site "Iwonicz"]
[Date "2016-07-31"]
[Round "1.4"]
[White "Tomkiewicz, Szymon"]
[Black "Gazik, Jakub"]
[Result "0-1"]
[WhiteTitle "II"]
[BlackTitle "II"]
[WhiteElo "1268"]
[BlackElo "1509"]

1. e4 d5 2. exd5 Qxd5 3. Nc3 Qd6 4. Nf3 Nf6 5. d4 a6 6. Be3 b5 7. a3 Bb7 8. Be2
Nbd7 9. Qd2 e6 10. b4 Be7 11. Bf4 Qb6 12. Ne5 Nxe5 13. dxe5 Nd5 14. Nxd5 Bxd5
15. O-O Qb7 16. g3 Rd8 17. Qc3 g5 18. Be3 h5 19. f4 h4 20. fxg5 hxg3 21. hxg3
Bg2 22. Rfd1 Bf3 23. Rxd8+ Bxd8 24. Re1 Bxe2 25. Rxe2 Qh1+ 26. Kf2 Rh2# 0-1

[Event "Druzynowe Mistrzostwa Polski Juniorow - II Liga"]
[Site "Iwonicz"]
[Date "2016-07-31"]
[Round "1.5"]
[White "Kordela, Monika"]
[Black "Jurkiewicz, Zuzanna"]
[Result "1-0"]
[WhiteTitle "I"]
[BlackTitle "I+"]
[WhiteElo "1783"]
[BlackElo "1657"]

1. d4 Nf6 2. c4 c5 3. d5 e6 4. Nc3 exd5 5. cxd5 d6 6. e4 g6 7. Nf3 Bg7 8. Bb5+
Bd7 9. Bxd7+ Nbxd7 10. O-O O-O 11. Bf4 Nb6 12. Rb1 a5 13. a4 Nh5 14. Bg5 f6 15.
Bc1 Qd7 16. h3 f5 17. Ng5 fxe4 18. Ncxe4 Nf6 19. Nxf6+ Rxf6 20. Qb3 Nxa4 21. Ne6
b5 22. Nxg7 Kxg7 23. Re1 Qf5 24. Be3 Rb8 25. Ra1 c4 26. Qd1 Kg8 27. Qd2 Qd3 28.
Qxa5 Nxb2 29. Qc7 Rbf8 30. Bh6 R6f7 31. Qxd6 Rc8 32. Re7 Qf5 33. Rae1 Qxf2+ 34.
Kh1 Rxe7 35. Rxe7 Qf1+ 36. Kh2 Nd3 37. Qe6+ 1-0

[Event "Druzynowe Mistrzostwa Polski Juniorow - II Liga"]
[Site "Iwonicz"]
[Date "2016-07-31"]
[Round "1.6"]
[White "Mazurek, Maja"]
[Black "Adamczyk, Zuzanna"]
[Result "0-1"]
[WhiteTitle "II"]
[BlackTitle "I"]
[WhiteElo "1103"]
[BlackElo "1672"]

1. d4 d5 2. e3 Nf6 3. Bd3 e6 4. f4 b6 5. Nf3 Bb7 6. O-O Nbd7 7. c3 Bd6 8. Nbd2
O-O 9. Ne5 Ne4 10. Qf3 f5 11. Qh5 Ndf6 12. Qh3 c5 13. Ndf3 Qe8 14. Bxe4 Nxe4 15.
Qh4 Rf6 16. Nd2 Rh6 17. Qe1 Qh5 18. h3 Bxe5 19. fxe5 Rg6 20. Kh2 Qg5 21. Rg1 Rf8
22. Nf3 Qh5 23. b3 Rh6 24. Ba3 g5 25. Nd2 Rc8 26. Rc1 Kh8 27. Nxe4 dxe4 28. c4
g4 29. Qg3 Rg8 30. Qe1 g3+ 31. Kh1 Qg4 32. Rf1 Rxh3+ 33. Kg1 Rh1+ 34. Kxh1 Qh4+
35. Kg1 Qh2# 0-1

[Event "Druzynowe Mistrzostwa Polski Juniorow - II Liga"]
[Site "Iwonicz"]
[Date "2016-07-31"]
[Round "1.7"]
[White "Stochnialek, Dominika"]
[Black "Raczynski, Krzysztof"]
[Result "0-1"]
[WhiteTitle "I"]
[BlackTitle "I++"]
[WhiteElo "1439"]
[BlackElo "2074"]

1. e4 c5 2. Nf3 d6 3. d4 cxd4 4. Nxd4 Nf6 5. Nc3 a6 6. Bg5 e6 7. f4 Be7 8. Qf3
Qc7 9. O-O-O Nbd7 10. Be2 b5 11. Bxf6 Nxf6 12. e5 Bb7 13. Qg3 dxe5 14. fxe5 Nd7
15. Qxg7 Qxe5 16. Qxe5 Nxe5 17. Bh5 O-O-O 18. Rhe1 Ng6 19. Bf3 Bf6 20. Bxb7+ Kxb7
21. Nde2 Bg5+ 22. Kb1 Rxd1+ 23. Rxd1 Rd8 24. Rxd8 Bxd8 25. Ne4 Kc6 26. g4 f5 27.
gxf5 exf5 28. Nf2 Bb6 29. Nd3 Be3 30. Ng3 f4 31. Nf1 Bb6 32. Kc1 a5 33. Kd1 Kd5
34. Ke2 Ke4 35. Nd2+ Kf5 36. Nf3 h6 37. h3 Be3 38. c3 Ke4 39. b3 Ne7 40. Nd2+
Bxd2 41. Kxd2 Kf3 42. h4 h5 43. Ne5+ Ke4 44. Nd3 Nf5 45. Ke2 f3+ 46. Kd2 Nxh4
47. Nf2+ Kf4 48. c4 bxc4 49. bxc4 Kg3 50. Nd3 Nf5 51. c5 Nd4 52. Ke1 h4 53. Kf1
h3 54. Kg1 a4 55. Kh1 f2 56. Nxf2 Kxf2 57. Kh2 Ke3 58. Kxh3 a3 59. Kg2 Ke2 60.
Kg3 Nc6 61. Kf4 Kd3 62. Kf3 Nb4 63. Kf2 Kd2 64. Kf3 Kd3 65. Kf2 Nxa2 66. c6 Nc3
67. c7 Ne4+ 0-1

[Event "Druzynowe Mistrzostwa Polski Juniorow - II Liga"]
[Site "Iwonicz"]
[Date "2016-07-31"]
[Round "1.8"]
[White "Kaminski, Piotr"]
[Black "Kus, Aleksander"]
[Result "0-1"]
[WhiteTitle "I"]
[BlackTitle "I"]
[WhiteElo "1902"]
[BlackElo "1818"]

1. e4 c5 2. Nf3 d6 3. Bb5+ Bd7 4. Bxd7+ Qxd7 5. O-O Nc6 6. Qe2 g6 7. c3 Bg7 8.
Rd1 Nf6 9. d4 cxd4 10. cxd4 O-O 11. d5 Ne5 12. Nxe5 dxe5 13. Nc3 Ne8 14. Be3 Nd6
15. a4 f5 16. f3 Rfc8 17. Bf2 a5 18. Rac1 Bh6 19. Be3 Bxe3+ 20. Qxe3 f4 21. Qe2
Rc5 22. b3 Rac8 23. Na2 b5 24. axb5 Nxb5 25. Qb2 Nd4 26. b4 Rc2 27. Rxc2 Rxc2
28. Qb1 Qa4 29. Nc1 Rxg2+ 30. Kxg2 Qxd1 31. bxa5 Qxf3+ 32. Kg1 Qd1+ 33. Kf2 Qd2+
34. Kf1 Nc2 35. Ne2 f3 36. Nf4 exf4 0-1

[Event "Druzynowe Mistrzostwa Polski Juniorow - II Liga"]
[Site "Iwonicz"]
[Date "2016-07-31"]
[Round "1.9"]
[White "Poltorak, Sebastian"]
[Black "Mietkiewicz, Jacek"]
[Result "0-1"]
[WhiteTitle "I"]
[BlackTitle "I"]
[WhiteElo "1707"]
[BlackElo "1687"]

1. d4 d5 2. c4 e6 3. Nc3 c5 4. e3 Nf6 5. Nf3 Nc6 6. a3 a5 7. Bd3 Be7 8. O-O O-O
9. Re1 b6 10. b3 Bb7 11. Bb2 cxd4 12. exd4 Kh8 13. Ne2 Rc8 14. Nf4 dxc4 15. bxc4
Bd6 16. Ne5 Bb8 17. Bf1 Nxe5 18. dxe5 Ne4 19. Bd4 Nc5 20. Rb1 Ba6 21. Qg4 g6 22.
Qd1 0-1

[Event "Druzynowe Mistrzostwa Polski Juniorow - II Liga"]
[Site "Iwonicz"]
[Date "2016-07-31"]
[Round "1.10"]
[White "Lepski, Maksymilian"]
[Black "Ullrich, Karol"]
[Result "1-0"]
[WhiteTitle "II"]
[BlackTitle "II"]
[WhiteElo "1442"]
[BlackElo "1211"]

1. d4 d5 2. c4 c6 3. Nc3 Nf6 4. Nf3 Bf5 5. e3 e6 6. a3 Be7 7. Bd3 Bxd3 8. Qxd3
Nbd7 9. O-O O-O 10. Bd2 Nb6 11. c5 Nc4 12. b3 Nxd2 13. Qxd2 b6 14. b4 a5 15. Na4
Ne4 16. Qc2 b5 17. Nb6 Ra7 18. bxa5 Rxa5 19. a4 Bh4 20. Ne5 Qc7 21. f3 Nf6 22.
Qc3 Ra7 23. axb5 cxb5 24. Rxa7 Qxa7 25. Ra1 Qb7 26. Qb4 Rb8 27. Qxb5 Ne8 28. Qd7
Qxd7 29. Nexd7 Rd8 30. c6 Nc7 31. e4 f5 32. e5 Kf7 33. Ra7 Nb5 34. Rb7 Kg6 35.
c7 Nxc7 36. Rxc7 Be1 37. f4 Ba5 38. Rc8 Rxc8 39. Nxc8 Kf7 40. Nd6+ Ke7 41. Nc5
Bd2 42. Kf2 Bxf4 43. g3 Bd2 44. Nd3 Bc3 45. Ke3 g5 46. Nb5 Ba5 47. h3 h6 48. h4
g4 49. Na3 Bc3 50. Nc2 Kf7 51. Nf4 Ke7 52. Nh5 Kf7 53. Nf4 Ke7 54. Kd3 Bb2 55.
Ne2 Kf7 56. Nb4 Ke7 57. Kc2 Ba3 58. Kb3 Bxb4 59. Kxb4 Kd7 60. Kc5 Kc7 61. Nf4
Kd7 62. Kb6 Ke7 63. Kc6 Kf7 64. Kd6 Kf8 65. Kxe6 Ke8 66. Kf6 Kf8 67. e6 Ke8 68.
e7 h5 69. Nd3 f4 70. Nxf4 Kd7 71. Kf7 Kc7 72. e8=Q Kd6 73. Qe6+ Kc7 74. Ke7 Kb7
75. Kd7 Kb8 76. Kc6 Ka7 77. Qd7+ Ka6 78. Qb7+ Ka5 79. Qb5# 1-0

[Event "Druzynowe Mistrzostwa Polski Juniorow - II Liga"]
[Site "Iwonicz"]
[Date "2016-07-31"]
[Round "1.11"]
[White "Andrzejewska, Maja"]
[Black "Szelag, Zuzanna"]
[Result "0-1"]
[WhiteTitle "II"]
[BlackTitle "I++"]
[WhiteElo "1298"]
[BlackElo "1732"]

1. e4 c5 2. Nf3 e6 3. d4 cxd4 4. Nxd4 a6 5. a4 Nf6 6. Nd2 Qc7 7. Bd3 Be7 8. h3
b6 9. Qe2 d6 10. c3 Bb7 11. O-O O-O 12. Re1 Nbd7 13. Bc2 Rac8 14. N2f3 Rfe8 15.
Bd2 Nc5 16. e5 dxe5 17. Nxe5 Bd6 18. f3 Nd5 19. Rad1 f6 20. Ng4 Bg3 21. Nf2 e5
22. Nf5 Bxf2+ 23. Qxf2 Rcd8 24. Qg3 Kh8 25. Nh4 Bc6 26. Ra1 Qf7 27. b4 Ne6 28.
Bb3 Nxb4 29. Be3 Nd3 30. Reb1 Ndc5 31. Bxc5 bxc5 32. Bc4 a5 33. Rb6 Qc7 34. Rab1
Nf4 35. Nf5 Rd7 36. Rxc6 Qxc6 37. Bb5 Qc7 38. Rb2 Rd1+ 39. Kh2 Red8 40. Ba6 Ng6
41. Rb7 Qc6 42. Rxg7 Qxa6 43. Rxg6 hxg6 44. Qxg6 R1d7 45. Nh6 Qe6 46. Ng4 Rg7
47. Qh6+ Rh7 48. Qe3 c4 49. Qc5 Qd5 50. Qb6 Qd6 51. Qxa5 e4+ 52. Kg1 exf3 53.
Qf5 fxg2 54. Kxg2 Qd5+ 55. Qxd5 Rxd5 56. Nxf6 Rg7+ 57. Ng4 Rd3 58. a5 Rxc3 59.
a6 Ra3 60. Kf2 Rxa6 61. Ke2 Rxg4 62. hxg4 Rd6 63. Ke3 c3 64. g5 c2 65. Ke4 c1=Q
66. Kf5 Qc5+ 67. Kg4 Rg6 68. Kf4 Rxg5 69. Ke4 Qb4+ 70. Kf3 Rc5 71. Ke2 Rc3 72.
Kd2 Qb2+ 73. Kd1 Rc1# 0-1

[Event "Druzynowe Mistrzostwa Polski Juniorow - II Liga"]
[Site "Iwonicz"]
[Date "2016-07-31"]
[Round "1.13"]
[White "Fus, Jakub"]
[Black "Koseski, Damian"]
[Result "1/2-1/2"]
[WhiteTitle "I++"]
[BlackTitle "I"]
[WhiteElo "2025"]
[BlackElo "1762"]

1. d4 Nf6 2. c4 g6 3. Nc3 Bg7 4. e4 d6 5. f3 O-O 6. Be3 Nc6 7. Nge2 a6 8. Qd2 Na5
9. Nc1 c5 10. dxc5 Be6 11. Nd5 Bxd5 12. cxd5 Rc8 13. b4 Nxd5 14. exd5 Bxa1 15.
bxa5 dxc5 16. Nb3 Be5 17. Bc4 Qc7 18. f4 Bd4 19. O-O Rfd8 20. Rc1 Bxe3+ 21. Qxe3
Qd6 22. Re1 Rd7 23. Qh3 Rdc7 24. Qh4 Qd7 25. Qf2 Qf5 26. h3 h5 27. Kh2 Kg7 28.
Re5 Qb1 29. f5 f6 30. Re3 Qxf5 31. Qxf5 gxf5 32. Rg3+ Kh6 33. h4 Rd8 34. Nc1 Rcd7
35. Ne2 Rxd5 36. Bxd5 Rxd5 37. Rc3 e5 38. Kg3 Rd2 39. Kf3 Rxa2 40. Rxc5 Kg6 41.
g3 Rb2 42. Rd5 Rb3+ 43. Kf2 Kf7 44. Rd7+ Kg6 45. Rd5 Kf7 46. Rd7+ Kg6 47. Rd5
b6 48. axb6 Rxb6 49. Ra5 Rc6 50. Ke3 Kf7 51. Kd3 Ke6 52. Nc3 Rd6+ 53. Ke3 Rb6
54. Kd3 Rd6+ 55. Ke3 Rb6 56. Na4 Rb3+ 57. Kf2 Rb4 58. Rxa6+ Kd5 59. Nc3+ Kd4 60.
Ne2+ Ke4 61. Ra4 Rxa4 62. Nc3+ Kd4 63. Nxa4 f4 64. gxf4 Ke4 65. fxe5 fxe5 66.
Kg3 Kd4 67. Nb2 e4 68. Nd1 e3 69. Kf3 e2 70. Kxe2 Ke4 71. Ne3 Kf4 72. Ng2+ Kg3
73. Kf1 Kf3 74. Kg1 Kg3 75. Kf1 Kf3 76. Ne1+ Kg3 77. Ng2 Kf3 78. Ke2+ Ke4 79.
Ne3 1/2-1/2

[Event "Druzynowe Mistrzostwa Polski Juniorow - II Liga"]
[Site "Iwonicz"]
[Date "2016-07-31"]
[Round "1.14"]
[White "Laszczak, Przemyslaw"]
[Black "Rzeszowski, Dominik"]
[Result "1-0"]
[WhiteTitle "I+"]
[BlackTitle "I"]
[WhiteElo "1819"]
[BlackElo "1853"]

1. d4 e6 2. g3 f5 3. Bg2 Nf6 4. c4 c6 5. Nd2 d5 6. Nh3 Be7 7. O-O O-O 8. Qc2 h6
9. Nf4 Qe8 10. Nf3 g5 11. Nd3 Nbd7 12. h4 Ne4 13. Nfe5 gxh4 14. Bxh6 Rf6 15. Qc1
Qh5 16. Bf4 Nf8 17. Bf3 Qh7 18. g4 Ng6 19. g5 Rf8 20. Nxg6 Qxg6 21. Ne5 Qe8 22.
c5 Bd7 23. Kg2 Qd8 24. Bxe4 fxe4 25. Rh1 Rf5 26. Rxh4 Kg7 27. Qh1 Qg8 28. Rh6
Be8 29. Rg6+ Bxg6 30. Qh6# Qd8 1-0

[Event "Druzynowe Mistrzostwa Polski Juniorow - II Liga"]
[Site "Iwonicz"]
[Date "2016-07-31"]
[Round "1.15"]
[White "Czernek, Tymon"]
[Black "Krolak, Kacper"]
[Result "1-0"]
[WhiteTitle "I"]
[BlackTitle "III"]
[WhiteElo "1867"]
[BlackElo "1174"]

1. Nf3 d5 2. d4 Nf6 3. g3 e6 4. Bg2 Be7 5. O-O O-O 6. c4 c5 7. cxd5 Nxd5 8. Nc3
Nc6 9. e3 b6 10. e4 Nxc3 11. bxc3 Ba6 12. Re1 Rc8 13. d5 exd5 14. exd5 Na5 15.
h4 Bf6 16. Ng5 h6 17. Ne4 Be5 18. f4 Bb8 19. Qc2 Bb7 20. c4 Re8 21. Bb2 Ba6 22.
Nd2 Qd7 23. Qc3 f6 24. Kh2 Qa4 25. Bh3 Rxe1 26. Rxe1 Rd8 27. Re7 Rf8 28. Qd3 Bxf4
29. Qg6 Bxg3+ 30. Kxg3 1-0

[Event "Druzynowe Mistrzostwa Polski Juniorow - II Liga"]
[Site "Iwonicz"]
[Date "2016-07-31"]
[Round "1.17"]
[White "Tkaczyk, Weronika"]
[Black "Parol, Pola"]
[Result "1/2-1/2"]
[WhiteTitle "I"]
[BlackTitle "k"]
[WhiteElo "1570"]
[BlackElo "1817"]

1. e4 d6 2. Nf3 Nf6 3. Nc3 g6 4. d4 Bg7 5. h3 O-O 6. Be3 c6 7. Bd3 b5 8. a4 b4
9. Ne2 Nbd7 10. Qd2 c5 11. c3 Bb7 12. Ng3 c4 13. Bxc4 bxc3 14. bxc3 Nxe4 15. Nxe4
Bxe4 16. Nh4 e5 17. Nf3 exd4 18. Bxd4 Re8 19. O-O Bxf3 20. gxf3 Ne5 21. Bd5 Rc8
22. Kh2 Qh4 23. Rg1 Qh5 24. Rg3 Ng4+ 25. fxg4 Qxd5 26. Rd1 Qb3 27. Bxg7 Kxg7 28.
Qd4+ Kg8 29. Rf3 Rf8 30. Qxd6 Qxa4 31. Rd4 Qc2 32. Rdd3 Rb8 33. Rd2 Qb3 34. Qf4
Rbc8 35. Qb4 Qe6 36. Rd6 Qe1 37. Qd4 Rb8 38. Qd1 Qe5+ 39. Kg2 Rb2 40. Rd8 Qe7
41. Rd7 Qe4 42. Rxa7 Rb1 43. Qd2 Qc4 44. Qd3 Qb3 45. Rd7 Qb2 46. Rd8 Qc1 47. Rxf8+
Kxf8 48. Qd8+ Kg7 49. Qf6+ Kh6 50. Kg3 Qg1+ 51. Kh4 1/2-1/2

[Event "Druzynowe Mistrzostwa Polski Juniorow - II Liga"]
[Site "Iwonicz"]
[Date "2016-07-31"]
[Round "1.18"]
[White "Zaborowska, Maria"]
[Black "Tarka, Aleksandra"]
[Result "1-0"]
[WhiteTitle "I"]
[BlackTitle "I"]
[WhiteElo "1215"]
[BlackElo "1449"]

1. c4 e5 2. Nc3 Nf6 3. g3 Nc6 4. Bg2 Bc5 5. Nf3 d6 6. O-O O-O 7. d3 h6 8. a3 a5
9. Bd2 Bf5 10. Qc1 Bg4 11. Kh1 Nd4 12. Qd1 Nxf3 13. exf3 Bf5 14. Be3 Ba7 15. Nb5
Bb8 16. Qd2 c6 17. Nc3 d5 18. cxd5 Nxd5 19. Nxd5 Qxd5 20. Rad1 Rd8 21. d4 e4 22.
Qe2 exf3 23. Qxf3 Qxf3 24. Bxf3 Be6 25. Kg2 Ba7 26. Rd2 Rd6 27. b4 a4 28. Bd1
b5 29. Bc2 Rad8 30. Rfd1 Bb3 31. Bxb3 axb3 32. Kf1 b2 33. Rxb2 Bxd4 34. Bxd4 Rxd4
35. Rxd4 Rxd4 36. Rc2 Rd3 37. Rxc6 Rxa3 38. Rb6 Rb3 39. Rxb5 Kh7 40. Rb7 Kg6 41.
b5 Rb2 42. b6 Kf6 43. Rb8 g6 44. h3 h5 45. b7 Ke7 46. Kg2 Kd6 47. Kf3 Rb3+ 48.
Kf4 Ke7 49. Kg5 Rb5+ 50. Kf4 f6 51. Kf3 Kd6 52. Rf8 Rxb7 53. Rxf6+ Ke5 54. Rxg6
Kf5 55. Rc6 Rb3+ 56. Kg2 Rb4 57. Rc5+ Kg6 58. h4 Rg4 59. Rg5+ Rxg5 60. hxg5 Kxg5
61. f3 Kf5 62. Kh3 Kg5 63. f4+ Kh6 64. Kh4 Kg6 65. f5+ Kh6 66. f6 Kg6 67. f7 Kxf7
68. Kxh5 Kf6 69. Kh6 Kf5 70. Kh5 Kf6 71. g4 Kg7 72. Kg5 Kh7 73. Kf6 Kh8 74. Kf7
Kh7 75. g5 Kh8 76. Kf6 Kh7 77. Kf7 Kh8 78. Kg6 Kg8 79. Kh6 Kf7 80. Kh7 1-0

[Event "Druzynowe Mistrzostwa Polski Juniorow - II Liga"]
[Site "Iwonicz"]
[Date "2016-07-31"]
[Round "1.19"]
[White "Mrozowski, Patryk"]
[Black "Leskiewicz, Ignacy"]
[Result "1-0"]
[WhiteTitle "I++"]
[BlackTitle "I"]
[WhiteElo "1901"]
[BlackElo "1921"]

1. e4 c5 2. Nf3 d6 3. d4 cxd4 4. Nxd4 Nf6 5. Nc3 a6 6. Be2 e5 7. Nb3 Be6 8. O-O
Nbd7 9. Re1 b5 10. Bf3 Rc8 11. Nd5 Nxd5 12. exd5 Bf5 13. c3 Be7 14. Qe2 Nf6 15.
g3 Rc4 16. Bg5 Nd7 17. Be3 e4 18. Bg2 Ne5 19. Bd4 Bg4 20. Qxe4 f5 21. Qe3 Bf6
22. f4 1-0

[Event "Druzynowe Mistrzostwa Polski Juniorow - II Liga"]
[Site "Iwonicz"]
[Date "2016-07-31"]
[Round "1.20"]
[White "Krol, Marcin"]
[Black "Chodorowski, Adrian"]
[Result "1-0"]
[WhiteTitle "I"]
[BlackTitle "II"]
[WhiteElo "1626"]
[BlackElo "1334"]

1. d4 c5 2. Nf3 Nf6 3. c4 cxd4 4. Nxd4 g6 5. g3 Bg7 6. Bg2 O-O 7. O-O Nc6 8. Nc3
Qb6 9. e3 Nxd4 10. exd4 d6 11. b3 Rb8 12. Re1 Re8 13. Bb2 Bf5 14. Qd2 Ng4 15.
Nd5 Qd8 16. a4 Nf6 17. Nxf6+ Bxf6 18. d5 Bxb2 19. Qxb2 a6 20. a5 b5 21. axb6 Qxb6
22. Re3 Rb7 23. Ra3 a5 24. Be4 Bh3 25. Qa1 Ra8 26. Re2 Qb4 27. Rea2 Rba7 28. Bc2
h6 29. Ra4 Qc5 30. Qc3 h5 31. Ra1 Qb6 32. Qe3 Qxe3 33. fxe3 Bd7 34. R4a2 Kg7 35.
b4 a4 36. c5 Bb5 37. e4 Kf6 38. Kf2 Ke5 39. Ke3 a3 40. Bd3 Bxd3 41. Kxd3 Ra4 42.
Kc4 Rb8 43. Rb1 Kxe4 44. Re1+ Kf5 45. Rb1 Kg5 46. c6 h4 47. Rb3 hxg3 48. hxg3
f5 49. Raxa3 Rxa3 50. Rxa3 f4 51. b5 Kg4 52. gxf4 Kxf4 53. c7 Rc8 54. b6 g5 55.
Kd4 1-0

[Event "Druzynowe Mistrzostwa Polski Juniorow - II Liga"]
[Site "Iwonicz"]
[Date "2016-07-31"]
[Round "1.21"]
[White "Jaszczuk, Mateusz"]
[Black "Nowak, Mikolaj"]
[Result "0-1"]
[WhiteTitle "II"]
[BlackTitle "I++"]
[WhiteElo "1337"]
[BlackElo "2091"]

1. c4 e5 2. Nc3 Nc6 3. g3 g6 4. Bg2 Bg7 5. d3 d6 6. Nf3 f5 7. O-O Nf6 8. Bg5 O-O
9. Nd5 Be6 10. Nxf6+ Bxf6 11. Bxf6 Qxf6 12. Nd2 Nd8 13. b4 g5 14. a4 a5 15. Rb1
axb4 16. Rxb4 Rf7 17. Qa1 h5 18. a5 c6 19. Rb6 Bc8 20. Nb3 Ne6 21. Qa3 Qd8 22.
Nc1 Qxb6 23. Qxd6 Qc5 24. Qxc5 Nxc5 25. Na2 Rxa5 26. Nc3 Ra3 27. Rc1 Nb3 28. Rc2
Nd4 29. Rc1 Rxc3 30. Rxc3 Nxe2+ 31. Kf1 Nxc3 32. Ke1 f4 33. gxf4 exf4 34. Kd2
f3 0-1

[Event "Druzynowe Mistrzostwa Polski Juniorow - II Liga"]
[Site "Iwonicz"]
[Date "2016-07-31"]
[Round "1.22"]
[White "Klimkowski, Jan"]
[Black "Gazda, Dominik"]
[Result "0-1"]
[WhiteTitle "II"]
[BlackTitle "II"]
[WhiteElo "1443"]
[BlackElo "1223"]

1. e4 c5 2. Nf3 Nc6 3. d4 cxd4 4. Nxd4 d6 5. Nc3 g6 6. Be3 Bg7 7. Qd2 Nf6 8. f3
Bd7 9. g4 a6 10. h4 Qa5 11. O-O-O b5 12. Nb3 Qc7 13. g5 Nh5 14. Nd5 Qb7 15. Nb6
Rb8 16. f4 Ng3 17. Rg1 Nxe4 18. Qd5 Bf5 19. Nd2 Nxd2 20. Rxd2 Be6 21. Qh1 Nb4
22. a3 Qxh1 23. Rxh1 Nc6 24. Bg2 Na5 25. Bf1 O-O 26. Nd5 Bxd5 27. Rxd5 Rfc8 28.
h5 Nc4 29. Bxc4 Rxc4 30. h6 Bh8 31. Re1 Rbc8 32. c3 R8c6 33. f5 e6 34. fxe6 fxe6
35. Rd2 Re4 36. Kc2 d5 37. Kd3 Rg4 38. Rf2 Rc8 39. Ref1 Rgc4 40. Bd2 e5 41. Rf7
R4c7 42. R7f2 Rd7 43. a4 Rdd8 44. axb5 axb5 45. Be3 Rf8 46. b4 e4+ 47. Ke2 Rxf2+
48. Rxf2 Bxc3 49. Bc5 d4 50. Rf1 Re8 51. Rd1 Rd8 52. Rf1 d3+ 53. Ke3 d2 54. Rd1
Rd5 55. Kxe4 Rxg5 56. Kd3 Rg3+ 57. Kc2 Kf7 58. Rf1+ Ke6 59. Rf8 Rh3 60. Rf1 Ke5
61. Kd1 g5 62. Kc2 Ke4 63. Rg1 Kf4 64. Rf1+ Rf3 65. Rg1 g4 66. Kd1 g3 67. Ke2
Kg4 68. Rd1 g2 69. Rg1 Rg3 70. Bf2 Bxb4 71. Rb1 Bc3 72. Bg1 b4 73. Rb3 Rf3 74.
Bf2 d1=Q+ 75. Kxd1 Rxf2 0-1

[Event "Druzynowe Mistrzostwa Polski Juniorow - II Liga"]
[Site "Iwonicz"]
[Date "2016-07-31"]
[Round "1.23"]
[White "Winter, Anna"]
[Black "Dwilewicz, Katarzyna"]
[Result "0-1"]
[WhiteTitle "I"]
[BlackTitle "I++"]
[WhiteElo "1374"]
[BlackElo "1786"]

1. e4 c5 2. Nf3 e6 3. d4 cxd4 4. Nxd4 Nc6 5. Nc3 Qc7 6. Be2 a6 7. O-O Nf6 8. Bg5
Be7 9. a3 O-O 10. Qd2 h6 11. Be3 Ne5 12. f3 b5 13. Kh1 Bb7 14. Rfd1 Rfd8 15. Rac1
Rac8 16. Bd3 d6 17. Qf2 Nc4 18. Bxc4 Qxc4 19. Qe2 d5 20. Qxc4 Rxc4 21. exd5 Nxd5
22. Nxd5 Bxd5 23. c3 Kf8 24. Nc2 Bc5 25. Bxc5+ Rxc5 26. Rd4 Ke7 27. Rcd1 Rcc8
28. Ne3 Bb3 29. Rxd8 Rxd8 30. Rxd8 Kxd8 31. Kg1 Kc7 32. Kf1 Kd6 33. Ke2 Kc5 34.
Kd3 a5 35. g3 a4 36. h3 f6 37. Ke4 g6 38. Nf1 Bc2+ 39. Ke3 e5 40. Nd2 f5 41. h4
Kd5 42. g4 f4+ 43. Ke2 e4 44. fxe4+ Bxe4 45. Kf2 g5 46. h5 Bh1 47. Kg1 Be4 48.
Kf2 Ke5 49. Ke2 Bd5 50. Kf2 Be6 51. Kf3 Kd5 52. Ne4 Bxg4+ 53. Kxg4 Kxe4 0-1

[Event "Druzynowe Mistrzostwa Polski Juniorow - II Liga"]
[Site "Iwonicz"]
[Date "2016-07-31"]
[Round "1.24"]
[White "Waligora, Julia"]
[Black "Uliasz, Katarzyna"]
[Result "1-0"]
[WhiteTitle "I"]
[BlackTitle "II+"]
[WhiteElo "1349"]
[BlackElo "1097"]

1. e4 d5 2. exd5 Qxd5 3. Nc3 Qd6 4. Nf3 Nf6 5. d4 c6 6. Bd3 Bg4 7. Be3 Nbd7 8.
Be2 Bxf3 9. Bxf3 Qc7 10. Qd2 e6 11. Bf4 Bd6 12. Ne2 Bxf4 13. Nxf4 Nd5 14. Nxd5
cxd5 15. O-O Rc8 16. Rac1 O-O 17. Be2 Nf6 18. Bd3 Ng4 19. f4 Qe7 20. Qe1 Qf6 21.
c3 Nh6 22. Qe5 Ng4 23. Qh5 Nh6 24. f5 exf5 25. Bxf5 Nxf5 26. Rxf5 Qe6 27. Re5
Qb6 28. Rc2 Qa6 29. a3 Rce8 30. Rce2 Rxe5 31. Rxe5 Qb6 32. Qe2 Qc6 33. h3 h6 34.
Qf3 Qb6 35. Qe2 Qc6 36. Qc2 f6 37. Re7 Re8 38. Rxe8+ Qxe8 39. Qb3 Qc6 40. Qb4
b6 41. Qe7 a5 42. Qe2 Qa4 43. Qe6+ Kh8 44. Qxd5 Qd1+ 45. Kh2 Qf1 46. Qf3 Qc4 47.
Qa8+ Kh7 48. Qe4+ Kh8 49. Qf4 b5 50. Qf2 b4 51. axb4 axb4 52. Qd2 bxc3 53. bxc3
Qc7+ 54. Kg1 Qb8 55. c4 Qb1+ 56. Kf2 Qf5+ 57. Kg3 Qg6+ 58. Kh2 Qe8 59. c5 Qb8+
60. g3 Qd8 61. d5 Kg8 62. d6 Kf7 63. Qd5+ Kf8 64. d7 Ke7 65. Qd6+ Kf7 66. c6 Qa8
67. Qd5+ Kg6 68. d8=Q Qa4 69. Qe8+ Kh7 70. Qf5+ g6 71. Qfxg6# 1-0

[Event "Druzynowe Mistrzostwa Polski Juniorow - II Liga"]
[Site "Iwonicz"]
[Date "2016-07-31"]
[Round "1.25"]
[White "Wisniewski, Jacek"]
[Black "Miasik, Adrian"]
[Result "1/2-1/2"]
[WhiteTitle "k"]
[BlackTitle "I"]
[WhiteElo "1989"]
[BlackElo "1950"]

1. e4 e5 2. Nf3 Nc6 3. Bc4 Bc5 4. c3 Qe7 5. O-O Nf6 6. d4 Bb6 7. Re1 h6 8. Bb5
exd4 9. e5 Nh7 10. cxd4 O-O 11. Nc3 d6 12. Nd5 Qd8 13. exd6 Qxd6 14. Bxc6 bxc6
15. Ne7+ Kh8 16. Ne5 Bxd4 17. N5xc6 Bf6 18. Qf3 Bb7 19. Bf4 Qc5 20. Rac1 Qb5 21.
b3 Rae8 22. Qd1 Bxc6 23. Nxc6 Qf5 24. Bxc7 Ng5 25. Bd6 Rxe1+ 26. Qxe1 Rc8 27.
Ne7 Rxc1 28. Qxc1 Bxe7 29. Bxe7 Ne4 30. f3 Qe5 31. fxe4 Qxe7 32. Qc8+ Kh7 33.
Qf5+ Kg8 34. a4 Qb4 35. Qc8+ Kh7 36. Qf5+ 1/2-1/2

[Event "Druzynowe Mistrzostwa Polski Juniorow - II Liga"]
[Site "Iwonicz"]
[Date "2016-07-31"]
[Round "1.26"]
[White "Ciasnocha, Michal"]
[Black "Maminski, Hubert"]
[Result "0-1"]
[WhiteTitle "II"]
[BlackTitle "I"]
[WhiteElo "1460"]
[BlackElo "1801"]

1. d4 Nf6 2. c4 g6 3. Nc3 d5 4. cxd5 Nxd5 5. e4 Nxc3 6. bxc3 Bg7 7. Bc4 O-O 8.
Ne2 c5 9. O-O Nc6 10. Be3 cxd4 11. cxd4 Bg4 12. e5 Na5 13. Bd3 Rc8 14. h3 Be6
15. Nf4 Bc4 16. Rc1 b5 17. Qd2 Bxd3 18. Rxc8 Qxc8 19. Qxd3 Nc4 20. Rc1 Qb7 21.
e6 f5 22. Qb3 Rc8 23. Nd3 Qd5 24. Nc5 Bxd4 25. Qd1 Nxe3 26. fxe3 0-1